000 00527 a2200169 4500
082 _a336
_bG959f
100 _aGupta, L. C.
_919258
245 _afinancial ration for monitoring corporate sickness, towards a more systematic approach
260 _aDelhi
_bOxford University Press
_c1963.
300 _axiv, 144p.
_bdiagrs., tables
504 _aBibliography : p. 137-138
650 _aFinancial statement
_95642
650 _aRatio analysis
_919259
650 _aProfit
_910916
653 _apublic finance
942 _2ddc
_cGEN
999 _c58983
_d58971